000 00337nam a22001457a 4500
008 221013b ||||| |||| 00| 0 eng d
020 _a9780135335710
041 _aeng
080 _2THIRD EDITION
_a004
082 _a004
100 _a19.2
101 _aSHK
245 _aELEMNTARY PRINCIPLES OF BEHAVIOR
_cMALOTT R
942 _2udc
_cBK
999 _c58543
_d58543